000 00439nam a22001817a 4500
003 MPLRDC
005 20220104124208.0
008 210129b ||||| |||| 00| 0 eng d
020 _a962-577-032-1
082 _a856.9 LZY
100 _a黎智英
245 _a我退休失败了
_c
250 _a第二版
260 _a
_b壹出版有限公司
_c1994
300 _b
650 _a函牍及杂著--杂项
942 _cBK
_o856.9 LZY
999 _c17392
_d17382